00981nam a2200277 a 4500999001500000001000800015003000600023005001700029008004100046010001700087020001500104040001300119050002500132082001900157100002800176245007800204260004800282300002100330500003800351504005400389650002500443700005100468906004500519942001500564952012400579 c3046d30464458444GBCCL20241126110446.0950407s1995 miu b 000 0 eng  a 95138453  a0800755502 aDLCcDLC00aBV4501.2b.W733 199500a248.4220bWRI1 aWright, H. Norman.971410aYour tomorrows can be different from your yesterdays /cH. Norman Wright. aGrand Rapids, Mich. :bF.H. Revell,cc1995. a232 p. ;c22 cm. aRev. ed. of: Chosen for blessing. aIncludes bibliographical references (p. 229-232). 0aChristian life.91831 aWright, H. Norman.tChosen for blessing.96320 a7bcbccorignewd3encipf19gy-gencatlg 2ddccBK01 00102ddc4070aGBCbGBCcMNMSd2017-10-16l1o248.4 WRIp008490r2025-05-01 00:00:00s2023-07-21tc.1w2017-10-16yBK